[Event "Otago Queen's Birthday op"]
[Site "Dunedin"]
[Date "2007.06.04"]
[Round "5"]
[White "Hall, Craig"]
[Black "Sutton, Richard John"]
[Result "0-1"]
[WhiteElo "1969"]
[BlackElo "2272"]
[PlyCount "86"]
[EventDate "2007.06.02"]
[EventType "swiss"]
[EventRounds "6"]
[EventCountry "NZL"]
[SourceTitle "EXT 2018"]
[Source "ChessBase"]
[SourceDate "2017.10.13"]
[SourceVersion "1"]
[SourceVersionDate "2017.10.13"]
[SourceQuality "1"]

1. e4 e5 2. f4 exf4 3. Nf3 d6 4. d4 g5 5. h4 g4 6. Ng1 f3 7. gxf3 Be7 8. Bc4 Bxh4+ 9. Kf1 h5 10. Bd3 Bf6 11. Nc3 Ne7 12. fxg4 Bxg4 13. Qd2 Ng6 14. Qf2 0-0 15. Nge2 Nc6 16. Ng3 Bh4 17. Rxh4 Qxh4 18. Bh6 Nxd4 19. Bxf8 Rxf8 20. Qxd4 Qh3+ 21. Ke1 Qxg3+ 22. Kd2 Ne5 23. Be2 Qf4+ 24. Qe3 Qxe3+ 25. Kxe3 Kg7 26. Bxg4 hxg4 27. Kf4 Rh8 28. Nd5 Rh3 29. Rf1 c6 30. Nc3 Kg6 31. Ne2 Rh2 32. Nd4 Rd2 33. Nf5 Kf6 34. Ne3 Ke6 35. Nxg4 Nxg4 36. Kxg4 Rxc2 37. Rb1 b5 38. a3 a5 39. Kf4 a4 40. b3 axb3 41. Rxb3 Rf2+ 42. Ke3 Rh2 43. Kf4 Rh4+ 0-1

[Event "Queenstown op"]
[Site "Queenstown"]
[Date "2006.01.21"]
[Round "7"]
[White "Hall, Craig"]
[Black "Armstrong, Malcolm J"]
[Result "1/2-1/2"]
[WhiteElo "1984"]
[BlackElo "2129"]
[PlyCount "92"]
[EventDate "2006.01.15"]
[EventType "swiss"]
[EventRounds "10"]
[EventCountry "NZL"]
[SourceTitle "CBM 110 Extra"]
[Source "ChessBase"]
[SourceDate "2006.03.10"]
[SourceVersion "2"]
[SourceVersionDate "2006.03.10"]
[SourceQuality "1"]

1. e4 e5 2. f4 Bc5 3. Nf3 d6 4. Bc4 Nf6 5. d3 Nc6 6. Nc3 Bg4 7. Na4 Bb6 8. Nxb6 axb6 9. c3 0-0 10. 0-0 d5 11. exd5 Nxd5 12. Qb3 Na5 13. Qc2 Bxf3 14. Rxf3 Nxc4 15. dxc4 Nxf4 16. Bxf4 exf4 17. Rxf4 Qd6 18. Rh4 g6 19. Qc1 f5 20. Qh6 Rf7 21. Rd4 Qe7 22. a3 f4 23. Rad1 Re8 24. Qh3 f3 25. gxf3 Qe3+ 26. Kh1 Rxf3 27. Qg4 Ref8 28. Rd8 R3f5 29. Rxf8+ Kxf8 30. Rg1 c6 31. Qd4 Qxd4 32. cxd4 Rf4 33. Rd1 Rf2 34. b4 Ke7 35. d5 Rc2 36. dxc6 bxc6 37. Rd4 Rc3 38. a4 Ra3 39. c5 Rxa4 40. Re4+ Kf6 41. cxb6 Ra6 42. b7 Rb6 43. Rc4 Rxb7 44. Rxc6+ Ke5 45. Rc4 g5 46. h4 gxh4 1/2-1/2

[Event "TH-S-0131"]
[Site "IECC email"]
[Date "2005.07.09"]
[Round "?"]
[White "Phillips, Gordon"]
[Black "Hall, Craig"]
[Result "1/2-1/2"]
[WhiteElo "2090"]
[BlackElo "2036"]
[PlyCount "57"]
[EventDate "2005.??.??"]
[EventType "tourn (corr)"]
[SourceTitle "Corr 2020"]
[Source "ChessBase"]
[SourceDate "2019.09.30"]
[SourceVersion "1"]
[SourceVersionDate "2019.09.30"]
[SourceQuality "1"]
[WhiteTeam "Germany"]
[BlackTeam "United States"]
[WhiteTeamCountry "GER"]
[BlackTeamCountry "USA"]

1. e4 Nf6 2. e5 Nd5 3. d4 d6 4. Nf3 dxe5 5. Nxe5 c6 6. c4 Nb4 7. Be3 Bf5 8. Bd3 Nxd3+ 9. Nxd3 Nd7 10. Nc3 e6 11. 0-0 Bd6 12. f4 Nf6 13. h3 h5 14. Ne5 Qc7 15. Qf3 Bb4 16. Rac1 Bxc3 17. Rxc3 Ne4 18. Ra3 f6 19. Nd3 h4 20. Rd1 Kf7 21. Nc5 Nxc5 22. dxc5 a5 23. Rd6 Rhd8 24. Qh5+ Kg8 25. Rxd8+ Rxd8 26. Qxh4 Rd1+ 27. Kh2 Qd8 28. Qf2 Rd3 29. Rxd3 1/2-1/2

[Event "South Island-ch"]
[Site "Dunedin"]
[Date "2004.09.27"]
[Round "6"]
[White "Watts, Duncan W"]
[Black "Hall, Craig"]
[Result "0-1"]
[WhiteElo "1982"]
[BlackElo "1848"]
[PlyCount "76"]
[EventDate "2004.09.25"]
[EventType "swiss"]
[EventRounds "8"]
[EventCountry "NZL"]
[SourceTitle "EXT 2018"]
[Source "ChessBase"]
[SourceDate "2017.10.13"]
[SourceVersion "1"]
[SourceVersionDate "2017.10.13"]
[SourceQuality "1"]

1. d4 Nf6 2. c4 e6 3. Nc3 Bb4 4. e3 0-0 5. a3 Bxc3+ 6. bxc3 c5 7. Bd3 b6 8. Nf3 Bb7 9. 0-0 Qc7 10. a4 Nc6 11. Ba3 Na5 12. Re1 Ne4 13. Qc2 f5 14. Rad1 Rf6 15. d5 exd5 16. cxd5 Bxd5 17. c4 Bc6 18. Bb2 Rh6 19. Be5 Qb7 20. Bf1 Re8 21. Bf4 Rhe6 22. Qb2 d6 23. h4 Qf7 24. Qc2 h6 25. Nd2 g5 26. hxg5 hxg5 27. Bh2 Qh5 28. Be2 Qh7 29. Nf1 Rh6 30. Bf3 Kf7 31. Bxe4 Bxe4 32. Qc3 Rh8 33. f3 Rxh2 34. fxe4 Rh1+ 35. Kf2 Qh4+ 36. Ng3 Rxe1 37. Rxe1 f4 38. Qxh8 fxg3+ 0-1

[Event "South Island-ch"]
[Site "Dunedin"]
[Date "2004.09.26"]
[Round "4"]
[White "Duffield, Terence"]
[Black "Hall, Craig"]
[Result "0-1"]
[WhiteElo "1566"]
[BlackElo "1848"]
[PlyCount "44"]
[EventDate "2004.09.25"]
[EventType "swiss"]
[EventRounds "8"]
[EventCountry "NZL"]
[SourceTitle "EXT 2018"]
[Source "ChessBase"]
[SourceDate "2017.10.13"]
[SourceVersion "1"]
[SourceVersionDate "2017.10.13"]
[SourceQuality "1"]

1. e4 c6 2. d4 d5 3. exd5 cxd5 4. c4 Nf6 5. Nc3 Nc6 6. c5 e5 7. Bb5 exd4 8. Bxc6+ bxc6 9. Qxd4 Be7 10. h3 0-0 11. Be3 Rb8 12. b4 Re8 13. Nge2 Bf5 14. 0-0 Ne4 15. Nxe4 Bxe4 16. Ng3 Bf6 17. Qd2 Bxa1 18. Nxe4 Rxe4 19. Rxa1 Rexb4 20. Bd4 Qe7 21. Kh2 Qe4 22. Bc3 Qf4+ 0-1

[Event "South Island-ch"]
[Site "Dunedin"]
[Date "2004.09.25"]
[Round "2"]
[White "Sutton, Richard John"]
[Black "Hall, Craig"]
[Result "1-0"]
[WhiteElo "2279"]
[BlackElo "1848"]
[PlyCount "51"]
[EventDate "2004.09.25"]
[EventType "swiss"]
[EventRounds "8"]
[EventCountry "NZL"]
[SourceTitle "EXT 2018"]
[Source "ChessBase"]
[SourceDate "2017.10.13"]
[SourceVersion "1"]
[SourceVersionDate "2017.10.13"]
[SourceQuality "1"]

1. e4 c6 2. Nc3 d5 3. Nf3 Bg4 4. h3 Bxf3 5. Qxf3 d4 6. Ne2 e5 7. Ng3 Nf6 8. Bc4 b5 9. Be2 Be7 10. 0-0 0-0 11. a4 bxa4 12. Rxa4 Re8 13. c3 c5 14. Bb5 Nbd7 15. c4 Nb6 16. Bxe8 Qxe8 17. Ra2 Nxc4 18. d3 Nd6 19. Bg5 c4 20. Rfa1 Qd7 21. dxc4 Nxc4 22. b3 Nd6 23. Bxf6 Bxf6 24. Nf5 Nb5 25. Ra6 Be7 26. Qg4 1-0

[Event "IECC Swiss-459.4"]
[Site "IECC email"]
[Date "2004.06.03"]
[Round "?"]
[White "Hall, Craig"]
[Black "Stone, Stephan"]
[Result "1-0"]
[WhiteElo "2033"]
[BlackElo "1708"]
[PlyCount "61"]
[EventDate "2004.??.??"]
[EventType "swiss (corr)"]
[EventRounds "1"]
[SourceTitle "Corr 2020"]
[Source "ChessBase"]
[SourceDate "2019.09.30"]
[SourceVersion "1"]
[SourceVersionDate "2019.09.30"]
[SourceQuality "1"]
[WhiteTeam "United States"]
[BlackTeam "South Africa"]
[WhiteTeamCountry "USA"]
[BlackTeamCountry "RSA"]

1. Nf3 e6 2. c4 d5 3. g3 dxc4 4. Bg2 Qd5 5. Nc3 Qa5 6. d3 Bb4 7. 0-0 cxd3 8. Qxd3 Nf6 9. Bd2 0-0 10. Rfd1 Nbd7 11. a3 Be7 12. b4 Qh5 13. h3 c6 14. g4 Qg6 15. e4 Nd5 16. Ne2 h6 17. Ng3 Rd8 18. Qc4 N5b6 19. Qb3 Bf6 20. Rac1 Ne5 21. Nxe5 Bxe5 22. Be3 Bd7 23. f4 Bc7 24. a4 e5 25. f5 Qf6 26. Nh5 Qh4 27. a5 Nc8 28. Bf2 Qg5 29. Qg3 Qe7 30. f6 Qxb4 31. Bc5 1-0

[Event "IECC KO-3036"]
[Site "IECC email"]
[Date "2004.05.18"]
[Round "?"]
[White "Hall, Craig"]
[Black "Price, Derek"]
[Result "1-0"]
[WhiteElo "1975"]
[BlackElo "1871"]
[PlyCount "51"]
[EventDate "2004.??.??"]
[EventType "match (corr)"]
[EventRounds "2"]
[SourceTitle "Corr 2020"]
[Source "ChessBase"]
[SourceDate "2019.09.30"]
[SourceVersion "1"]
[SourceVersionDate "2019.09.30"]
[SourceQuality "1"]
[WhiteTeam "United States"]
[BlackTeam "England"]
[WhiteTeamCountry "USA"]
[BlackTeamCountry "ENG"]

1. Nf3 Nf6 2. c4 e6 3. g3 d5 4. Bg2 Be7 5. 0-0 0-0 6. b3 b6 7. Bb2 Bb7 8. e3 c5 9. Nc3 dxc4 10. bxc4 Nc6 11. Qe2 Nb4 12. d4 cxd4 13. exd4 Rc8 14. Rfd1 Re8 15. a3 Nc6 16. Ne5 Na5 17. Bxb7 Nxb7 18. Nb5 a6 19. Na7 Rc7 20. Nac6 Qd6 21. Nb4 a5 22. c5 Qd8 23. Nbc6 Qd5 24. Nxe7+ Rcxe7 25. a4 Nd8 26. cxb6 1-0

[Event "IECC TH-S-0042"]
[Site "IECC email"]
[Date "2004.05.05"]
[Round "?"]
[White "Denayer, William"]
[Black "Hall, Craig"]
[Result "1/2-1/2"]
[WhiteElo "1931"]
[BlackElo "2040"]
[PlyCount "57"]
[EventDate "2004.??.??"]
[EventType "match (corr)"]
[EventRounds "2"]
[SourceTitle "Corr 2008"]
[Source "ChessBase"]
[SourceDate "2008.06.24"]
[SourceVersion "1"]
[SourceVersionDate "2008.06.24"]
[SourceQuality "1"]

1. d4 Nf6 2. c4 e5 3. dxe5 Ng4 4. Bf4 Bb4+ 5. Nd2 d6 6. exd6 Qf6 7. Nh3 Nxf2 8. Kxf2 Bxh3 9. g3 Bxf1 10. Rxf1 Qd4+ 11. Kg2 Bxd6 12. Qb3 0-0 13. Qxb7 Bxf4 14. Rxf4 Qb6 15. Qxb6 axb6 16. Ne4 Rd8 17. c5 bxc5 18. Nxc5 Rd2 19. Nd3 Rxe2+ 20. Rf2 Re6 21. Rc1 Na6 22. a3 f6 23. Rc3 Rd6 24. b4 c6 25. Rfc2 Nc7 26. Rxc6 Rxc6 27. Rxc6 Nb5 28. Rb6 Rxa3 29. Nf4 1/2-1/2

[Event "TH-S-0031"]
[Site "IECC email"]
[Date "2004.03.08"]
[Round "?"]
[White "Laureles, Raymundo"]
[Black "Hall, Craig"]
[Result "0-1"]
[WhiteElo "1644"]
[BlackElo "1960"]
[PlyCount "74"]
[EventDate "2004.??.??"]
[EventType "tourn (corr)"]
[SourceTitle "Corr 2020"]
[Source "ChessBase"]
[SourceDate "2019.09.30"]
[SourceVersion "1"]
[SourceVersionDate "2019.09.30"]
[SourceQuality "1"]
[WhiteTeam "South Africa"]
[BlackTeam "United States"]
[WhiteTeamCountry "RSA"]
[BlackTeamCountry "USA"]

1. d4 Nf6 2. c4 e5 3. dxe5 Ng4 4. e4 Nxe5 5. f4 Nec6 6. Be3 Bb4+ 7. Nc3 Qh4+ 8. g3 Bxc3+ 9. bxc3 Qe7 10. Bd3 Na6 11. Bc2 0-0 12. Nf3 Qa3 13. Qd3 Nc5 14. Bxc5 Qxc5 15. e5 g6 16. Nd2 d6 17. Ne4 Qa3 18. exd6 Bf5 19. 0-0 Bxe4 20. Qxe4 Rae8 21. Qd5 Qxc3 22. d7 Re2 23. Bd3 Nb4 24. d8Q Nxd5 25. Qxd5 c6 26. Qd6 Qd2 27. Qxf8+ Kxf8 28. Bxe2 Qxe2 29. Rfc1 b6 30. h4 Kg7 31. a3 Qd2 32. a4 Kh6 33. c5 Kh5 34. cxb6 axb6 35. Rf1 Qc3 36. Kf2 Kg4 37. Rg1 Qf3+ 0-1

[Event "TH-S-0026"]
[Site "IECC email"]
[Date "2004.01.14"]
[Round "?"]
[White "Hall, Craig"]
[Black "Hausman, Jack"]
[Result "1-0"]
[WhiteElo "1885"]
[BlackElo "1308"]
[PlyCount "49"]
[EventDate "2004.??.??"]
[EventType "tourn (corr)"]
[SourceTitle "Corr 2020"]
[Source "ChessBase"]
[SourceDate "2019.09.30"]
[SourceVersion "1"]
[SourceVersionDate "2019.09.30"]
[SourceQuality "1"]
[WhiteTeam "United States"]
[BlackTeam "United States"]
[WhiteTeamCountry "USA"]
[BlackTeamCountry "USA"]

1. Nf3 d5 2. c4 dxc4 3. Qa4+ Bd7 4. Qxc4 Nc6 5. d4 e6 6. e4 Nf6 7. e5 Nd5 8. a3 Be7 9. Qc2 0-0 10. Nc3 Nxc3 11. bxc3 Na5 12. Bd3 g6 13. h4 c5 14. h5 c4 15. Be4 Nb3 16. hxg6 hxg6 17. Bxg6 Nxa1 18. Bh7+ Kg7 19. Qe4 Nc2+ 20. Kf1 Bg5 21. Bxg5 Ne3+ 22. fxe3 Qxg5 23. Nxg5 f5 24. Qh4 Rf6 25. Bg6 1-0

[Event "IECC CL2-2003.28 email"]
[Site "IECC email"]
[Date "2003.10.22"]
[Round "?"]
[White "Leisebein, Peter"]
[Black "Hall, Craig"]
[Result "1/2-1/2"]
[WhiteElo "2171"]
[BlackElo "1873"]
[PlyCount "87"]
[EventDate "2003.??.??"]
[EventType "tourn (corr)"]
[EventRounds "4"]
[SourceTitle "Corr 2008"]
[Source "ChessBase"]
[SourceDate "2008.06.24"]
[SourceVersion "1"]
[SourceVersionDate "2008.06.24"]
[SourceQuality "1"]

1. d4 Nf6 2. f3 d5 3. e4 dxe4 4. Nc3 exf3 5. Nxf3 a6 6. Bd3 Nc6 7. Ne4 Bg4 8. c3 e5 9. 0-0 Qd5 10. Qe1 0-0-0 11. Nfg5 h6 12. Nxf6 gxf6 13. Be4 Qd7 14. Bxc6 bxc6 15. Ne4 Be7 16. Nxf6 Bxf6 17. Rxf6 exd4 18. Qf1 d3 19. Rxf7 Qd5 20. Qf4 Rd7 21. Rxd7 Bxd7 22. Qd4 Qxd4+ 23. cxd4 h5 24. Be3 h4 25. Rd1 Bf5 26. b4 Be4 27. Kf2 Rf8+ 28. Ke1 Rg8 29. Rd2 Kb7 30. Bf2 Kb6 31. a4 Rxg2 32. Bxh4 Rg1+ 33. Kf2 Ra1 34. Ke3 Bh7 35. Rg2 Rxa4 36. Rg7 Bf5 37. Be1 Ra1 38. Bd2 Rh1 39. Rg5 Be6 40. Kxd3 Rxh2 41. Rc5 Rh3+ 42. Be3 Bd5 43. Ra5 Rg3 44. Rc5 1/2-1/2

[Event "IECC CL3-2003.13 email"]
[Site "IECC email"]
[Date "2003.05.23"]
[Round "?"]
[White "Hall, Craig"]
[Black "Dayants, Vladimir"]
[Result "1-0"]
[WhiteElo "1770"]
[BlackElo "1995"]
[PlyCount "65"]
[EventDate "2003.??.??"]
[EventType "tourn (corr)"]
[EventRounds "4"]
[SourceTitle "Corr 2008"]
[Source "ChessBase"]
[SourceDate "2008.06.24"]
[SourceVersion "1"]
[SourceVersionDate "2008.06.24"]
[SourceQuality "1"]

1. Nf3 Nf6 2. c4 g6 3. b4 Bg7 4. Bb2 0-0 5. g3 d6 6. Bg2 Nbd7 7. 0-0 c5 8. a3 a6 9. Qc2 Qc7 10. d3 b6 11. Nbd2 Bb7 12. Rab1 cxb4 13. axb4 a5 14. bxa5 bxa5 15. e4 e5 16. Ba3 Rfb8 17. d4 exd4 18. Nxd4 Nc5 19. Nb5 Qc6 20. Rfd1 a4 21. Nf1 Bf8 22. Ne3 Qc8 23. Nd5 Nxd5 24. exd5 Ba6 25. Bb2 Nd7 26. Qd3 Rb7 27. Re1 f5 28. Qc3 Ne5 29. Rxe5 dxe5 30. d6 Bg7 31. Nc7 Raa7 32. Bd5+ Kh8 33. Bxb7 1-0

[Event "IECC CL3-2003.13 email"]
[Site "IECC email"]
[Date "2003.05.23"]
[Round "?"]
[White "Togonon, Ted"]
[Black "Hall, Craig"]
[Result "0-1"]
[WhiteElo "1866"]
[BlackElo "1796"]
[PlyCount "60"]
[EventDate "2003.??.??"]
[EventType "tourn (corr)"]
[EventRounds "4"]
[SourceTitle "Corr 2008"]
[Source "ChessBase"]
[SourceDate "2008.06.24"]
[SourceVersion "1"]
[SourceVersionDate "2008.06.24"]
[SourceQuality "1"]

1. e4 Nf6 2. e5 Nd5 3. d4 d6 4. Nf3 dxe5 5. Nxe5 c6 6. c4 Nb4 7. Na3 Bf5 8. Be2 Nd7 9. Bf4 Nxe5 10. Bxe5 f6 11. Bf4 e5 12. dxe5 Nd3+ 13. Bxd3 Bxd3 14. Nc2 Be7 15. Qd2 Bxc4 16. Qc3 Ba6 17. Rd1 Qc8 18. f3 Qf5 19. Bg3 Rd8 20. Kf2 Rd3 21. Rxd3 Qxd3 22. Qxd3 Bxd3 23. Nd4 Bc5 24. Ke3 Bg6 25. Rc1 Bb6 26. Rc4 Ke7 27. a3 Rd8 28. exf6+ gxf6 29. Bh4 a5 30. Be1 Kd6 0-1

[Event "IECC TH-M email"]
[Site "IECC email"]
[Date "2003.03.17"]
[Round "?"]
[White "Hall, Craig"]
[Black "Canizares Cuadra, Pedro"]
[Result "1/2-1/2"]
[WhiteElo "1738"]
[BlackElo "1936"]
[PlyCount "128"]
[EventDate "2003.??.??"]
[EventType "match (corr)"]
[EventRounds "2"]
[SourceTitle "Corr 2008"]
[Source "ChessBase"]
[SourceDate "2008.06.24"]
[SourceVersion "1"]
[SourceVersionDate "2008.06.24"]
[SourceQuality "1"]

1. Nf3 d5 2. c4 c6 3. e3 Nf6 4. Qc2 e6 5. b3 a6 6. Bb2 b5 7. d4 bxc4 8. bxc4 c5 9. dxc5 Bxc5 10. Nbd2 dxc4 11. Bxc4 Nbd7 12. Rb1 Be7 13. 0-0 0-0 14. Rfd1 Qc7 15. Ng5 Ne5 16. Rbc1 Rb8 17. Ba1 Ng6 18. Nde4 Ng4 19. Nf3 Nh4 20. Ned2 Rd8 21. Bd4 Nxf3+ 22. Nxf3 Ba3 23. Be2 Qxc2 24. Rxc2 Bb7 25. Nd2 Nf6 26. Rb1 a5 27. Be5 Rbc8 28. Rxc8 Bxc8 29. Nc4 Ba6 30. Nxa3 Bxe2 31. Bc3 Nd5 32. Bxa5 Ra8 33. Rb2 f5 34. Be1 Bd3 35. Rb3 Be2 36. h3 h6 37. Rb2 Rxa3 38. Rxe2 Kf7 39. Rc2 g5 40. Bd2 Kg6 41. Kf1 Ra8 42. f3 h5 43. g3 g4 44. hxg4 hxg4 45. fxg4 fxg4 46. Kf2 Kf5 47. Ke2 Ra4 48. Bc1 Nf6 49. Kf1 Ne4 50. Kg2 e5 51. a3 Ra8 52. Rc7 Rh8 53. a4 Rb8 54. Rc4 Rb1 55. Rc8 Ra1 56. Bb2 Rxa4 57. Re8 Ra5 58. Rf8+ Ke6 59. Re8+ Kd6 60. Rb8 Ra2 61. Kg1 Nxg3 62. Rd8+ Ke6 63. Re8+ Kd7 64. Rb8 e4 1/2-1/2

[Event "IECC TH-M email"]
[Site "IECC email"]
[Date "2002.04.07"]
[Round "?"]
[White "Hall, Craig"]
[Black "Carrillo Muniz, Jose"]
[Result "1-0"]
[WhiteElo "1645"]
[BlackElo "1585"]
[PlyCount "36"]
[EventDate "2002.??.??"]
[EventType "match (corr)"]
[EventRounds "2"]
[SourceTitle "Corr 2008"]
[Source "ChessBase"]
[SourceDate "2008.06.24"]
[SourceVersion "1"]
[SourceVersionDate "2008.06.24"]
[SourceQuality "1"]

1. Nf3 d5 2. c4 dxc4 3. Na3 Nf6 4. Nxc4 g6 5. b3 Bg7 6. Bb2 0-0 7. e3 b6 8. Be2 c5 9. d4 cxd4 10. Nxd4 Bb7 11. Bf3 Bxf3 12. Qxf3 Nbd7 13. Nc6 Qe8 14. Ba3 Nc5 15. Bxc5 bxc5 16. Rd1 Qc8 17. Nxe7+ Kh8 18. Nxc8 Raxc8 1-0

[Event "IECC TH-M email"]
[Site "IECC email"]
[Date "2002.04.03"]
[Round "?"]
[White "Hall, Craig"]
[Black "Savage, Kenneth"]
[Result "1-0"]
[WhiteElo "1636"]
[BlackElo "1475"]
[PlyCount "45"]
[EventDate "2002.??.??"]
[EventType "match (corr)"]
[EventRounds "2"]
[SourceTitle "Corr 2008"]
[Source "ChessBase"]
[SourceDate "2008.06.24"]
[SourceVersion "1"]
[SourceVersionDate "2008.06.24"]
[SourceQuality "1"]

1. d4 Nf6 2. c4 e5 3. dxe5 Ng4 4. e4 Nxe5 5. f4 Ng6 6. Nf3 Bb4+ 7. Nc3 Bxc3+ 8. bxc3 d6 9. c5 dxc5 10. Qxd8+ Kxd8 11. f5 Ne7 12. Be3 b6 13. 0-0-0+ Ke8 14. Bf4 c6 15. Ng5 f6 16. Bc7 Bd7 17. Ne6 g6 18. Bxb6 Nd5 19. Nc7+ Nxc7 20. Bxc7 Ke7 21. Bc4 Re8 22. Rhf1 Bc8 23. Bd6+ 1-0